Tendencias de cambio en la enseñanza universitaria, aportes para el debate macro y micfro en la Facultad de Ciencias Económicas y Sociales de la Universidad de Mar del Plata (Registro nro. 22885)

Detalles MARC
000 -LEADER
fixed length control field 00452 a2200109 4500
001 - CONTROL NUMBER
control field ART_46584
005 - DATE AND TIME OF LATEST TRANSACTION
control field 20260410161827.0
008 - FIXED-LENGTH DATA ELEMENTS--GENERAL INFORMATION
fixed length control field 260409a
100 1# - MAIN ENTRY--PERSONAL NAME
Personal name Hammond, Fernando
245 10 - TITLE STATEMENT
Title Tendencias de cambio en la enseñanza universitaria, aportes para el debate macro y micfro en la Facultad de Ciencias Económicas y Sociales de la Universidad de Mar del Plata
773 0# - HOST ITEM ENTRY
Title FACES
Related parts - Año 22, Nº 47 (jul./dic. 2016)
Record control number REV5046

No hay ítems disponibles.